[Event "TCh-LTU 2012"]
[Site "Lithuania LTU"]
[Date "2012.02.11"]
[Round "3"]
[White "Limontas,M"]
[Black "Sumskis,R"]
[Result "1-0"]
[WhiteTitle "FM"]
[WhiteElo "2292"]
[BlackElo "2172"]
[WhiteTeam "VSSSM-Chess United (Vilnius)"]
[BlackTeam "Mantinga (Marijampole)"]
[WhiteFideId "12801828"]
[BlackFideId "12800562"]
[EventDate "2012.01.21"]
[EventType "team"]

1. d4 Nf6 2. c4 e6 3. Nc3 Bb4 4. Qc2 c5 5. dxc5 Bxc5 6. Nf3 Qb6 7. e3 O-O 8. Bd3
Nc6 9. a3 Be7 10. O-O d5 11. b4 Bd7 12. Rd1 dxc4 13. Bxc4 Rac8 14. Qe2 e5 15.
Nd5 Nxd5 16. Bxd5 Bf6 17. Bb2 Bg4 18. h3 Bxf3 19. Bxf3 Rfd8 20. Be4 Ne7 21. Rac1
Ng6 22. Rxc8 Rxc8 23. Rd7 Rc7 24. Qd3 Nf8 25. Rd6 Rc6 26. Bxc6 bxc6 27. Qc4 Be7
28. Rxc6 Qd8 29. Bxe5 Qd1+ 30. Qf1 Qd5 31. Rc7 Qxe5 32. Rxa7 g6 33. Qc4 Qa1+ 34.
Kh2 Qe5+ 35. g3 Qf6 36. Qf4 Qe6 37. Kg2 Bd6 38. Qg4 Qb3 39. Qf3 h5 40. Qc6 Be5
41. h4 g5 42. hxg5 h4 43. gxh4 Ng6 44. h5 Nf8 45. Ra8 Qd1 46. Qf3 Qd6 47. g6
fxg6 48. Rxf8+ Qxf8 49. Qxf8+ Kxf8 50. hxg6 Kg7 51. f4 Bb2 52. a4 Kxg6 53. a5 1-0

[Event "TCh-LTU 2012"]
[Site "Lithuania LTU"]
[Date "2012.02.11"]
[Round "3"]
[White "Velioniskis,R"]
[Black "Burstein,R"]
[Result "0-1"]
[WhiteElo "1953"]
[BlackElo "2303"]
[WhiteTeam "Mantinga (Marijampole)"]
[BlackTeam "VSSSM-Chess United (Vilnius)"]
[WhiteFideId "12804142"]
[BlackFideId "12801070"]
[EventDate "2012.01.21"]
[EventType "team"]

1. d4 Nf6 2. c4 c5 3. d5 b5 4. cxb5 a6 5. b6 e6 6. Nc3 Nxd5 7. Nxd5 exd5 8. Qxd5
Nc6 9. Nf3 Rb8 10. Ne5 Qf6 11. Nxc6 dxc6 12. Qf3 Be7 13. e4 O-O 14. Qxf6 Bxf6
15. Rb1 Rd8 16. Bf4 Rxb6 17. e5 Re8 18. Bd3 Bxe5 19. Bxe5 Rxe5+ 20. Kd2 Kf8 21.
Kc3 Be6 22. b3 Ke7 23. f4 Rd5 24. Rbe1 Kf6 25. Rhf1 a5 26. Bc4 Rd4 27. Bxe6 fxe6
28. Re5 Rxf4 29. Rxe6+ Kxe6 30. Rxf4 Rb4 31. Rf8 a4 32. Re8+ Kd6 33. Re3 axb3
34. axb3 Rg4 35. Re2 Kd5 36. Rd2+ Rd4 37. Ra2 h5 38. Rf2 g6 39. Ra2 h4 40. Ra8
Rg4 41. Rd8+ Ke5 42. Rd2 Rf4 43. Re2+ Kf5 44. Rd2 g5 45. Rd8 Rg4 46. Rd2 Ke4 47.
Rf2 Ke5 48. Rf8 Rd4 49. Rc8 Rg4 50. Re8+ Kf5 51. Re2 Rf4 52. Re8 Kg4 53. Re2 Rf1
54. Kc4 Rc1+ 55. Kd3 Rh1 56. h3+ Kg3 57. Re4 Rd1+ 58. Kc2 Rd4 59. Re5 Kxg2 60.
Rxg5+ Kxh3 61. Rxc5 Rd6 62. Rg5 Kh2 63. Kc3 h3 64. Kc4 Kh1 65. Rg3 Kh2 66. Rg8
Rd1 67. b4 Rc1+ 68. Kd4 Rg1 69. Rh8 Rg3 70. Ra8 Kh1 71. Ra2 h2 72. Ke4 Kg1 73.
Ra1+ Kg2 74. Ra2+ Kh3 75. Ra1 Rg1 76. Ra8 h1=Q+ 0-1

[Event "TCh-LTU 2012"]
[Site "Lithuania LTU"]
[Date "2012.02.11"]
[Round "3"]
[White "Lipskij,V"]
[Black "Zitinskas,L"]
[Result "1-0"]
[WhiteElo "2123"]
[BlackElo "1820"]
[WhiteTeam "VSSSM-Chess United (Vilnius)"]
[BlackTeam "Mantinga (Marijampole)"]
[WhiteFideId "12801470"]
[BlackFideId "12800589"]
[EventDate "2012.01.21"]
[EventType "team"]

1. d4 d5 2. Nf3 Nf6 3. e3 Bf5 4. Bd3 Bg6 5. O-O e6 6. b3 Bd6 7. Bb2 Nbd7 8. c4
c6 9. Ne5 Bxd3 10. Qxd3 O-O 11. Nd2 Rc8 12. Rad1 Bxe5 13. dxe5 Ng4 14. Nf3 Nh6
15. e4 Nc5 16. Qe3 Nxe4 17. Qxa7 b6 18. cxd5 Ra8 19. Qb7 cxd5 20. Ra1 Nc5 21.
Qc6 Nf5 22. Qb5 Re8 23. Nd4 Ra5 24. Qe2 Nxd4 25. Bxd4 Ra3 26. Rfc1 Qe7 27. Qb5
Rea8 28. Bxc5 bxc5 29. Rxc5 Rxb3 30. Rc8+ Rxc8 31. axb3 Qc7 32. Re1 Qc3 33. Kf1
g6 34. g3 Qf3 35. Kg1 Rc2 36. Qb6 Rb2 37. b4 Kg7 38. b5 h5 39. h4 Qc3 40. Kf1
Qc4+ 41. Kg2 Rxb5 42. Qd8 Qc5 43. Qf6+ Kg8 44. g4 Qb4 45. gxh5 Qxe1 46. h6 Qe4+
47. Kh2 Qxh4+ 48. Qxh4 Kh7 49. Qf6 Kxh6 50. Qh8+ Kg5 51. Kg3 Rb4 52. f3 Rf4 53.
Qc8 Rc4 54. Qd8+ Kh6 55. Qh8+ Kg5 56. Qf6+ Kh6 57. Qxf7 Rc6 58. Qe8 Rc7 59. Qxe6
d4 60. Qd6 1-0

[Event "TCh-LTU 2012"]
[Site "Lithuania LTU"]
[Date "2012.02.11"]
[Round "3"]
[White "Grybas,G"]
[Black "Zagorskis,D"]
[Result "0-1"]
[BlackTitle "IM"]
[WhiteElo "2060"]
[BlackElo "2512"]
[WhiteTeam "LASF"]
[BlackTeam "Trys nuliai (Kaunas)"]
[WhiteFideId "12805130"]
[BlackFideId "12800120"]
[EventDate "2012.01.21"]
[EventType "team"]

1. d4 Nf6 2. c4 e6 3. Nf3 b6 4. g3 Ba6 5. b3 Bb4+ 6. Bd2 Be7 7. Bg2 d5 8. Ne5
O-O 9. O-O c6 10. Nc3 dxc4 11. Bxc6 Nxc6 12. Nxc6 Qd7 13. Nxe7+ Qxe7 14. bxc4
Bxc4 15. Qa4 Rfc8 16. Rfc1 Qb7 17. f3 b5 18. Qd1 b4 19. Na4 Qb5 20. Kf2 Bxe2 21.
Qb3 Bc4 22. Qxb4 Qh5 23. Kg2 Bd5 24. Qa3 e5 25. dxe5 Ng4 0-1

[Event "TCh-LTU 2012"]
[Site "Lithuania LTU"]
[Date "2012.02.11"]
[Round "3"]
[White "Malisauskas,V"]
[Black "Kuvsinov,A"]
[Result "1-0"]
[WhiteTitle "GM"]
[WhiteElo "2462"]
[BlackElo "1969"]
[WhiteTeam "Trys nuliai (Kaunas)"]
[BlackTeam "LASF"]
[WhiteFideId "12800031"]
[BlackFideId "12801690"]
[EventDate "2012.01.21"]
[EventType "team"]

1. c4 d6 2. d4 g6 3. Nf3 Bg7 4. Nc3 Nc6 5. d5 Ne5 6. Nxe5 Bxe5 7. e4 Nf6 8. Bd3
O-O 9. Ne2 Nd7 10. O-O Bg7 11. f4 e5 12. f5 g5 13. Ng3 f6 14. Be3 Nc5 15. Be2 a5
16. b3 b6 17. Rc1 Bd7 18. Rc3 Be8 19. Kf2 Kf7 20. Rh1 Ke7 21. h4 h6 22. hxg5
hxg5 23. Rh7 Rg8 24. Bh5 Nd7 25. Bxe8 Qxe8 26. a3 Kf7 27. Qh5+ Ke7 28. Qg6 Qf7
29. Nh5 Nf8 30. Rxg7 Nxg6 31. Rxf7+ Kxf7 32. fxg6+ Kxg6 33. Ng3 Rh8 34. Kf3 Kf7
35. b4 axb4 36. axb4 Ra2 37. c5 bxc5 38. bxc5 g4+ 39. Kxg4 Rxg2 40. Kf3 Ra2 41.
cxd6 cxd6 42. Rc7+ Kg6 43. Nf5 Rh7 44. Rxh7 Kxh7 45. Nxd6 Kg6 46. Bb6 Ra6 47.
Bc7 Ra3+ 48. Ke2 Ra7 49. Nb5 Ra2+ 50. Kd3 Kf7 51. Bd8 Ra6 52. Kc4 Ra4+ 53. Kc5 1-0

[Event "TCh-LTU 2012"]
[Site "Lithuania LTU"]
[Date "2012.02.11"]
[Round "3"]
[White "Rutkauskas,G"]
[Black "Savickas,A"]
[Result "0-1"]
[BlackTitle "FM"]
[WhiteElo "1921"]
[BlackElo "2374"]
[WhiteTeam "LASF"]
[BlackTeam "Trys nuliai (Kaunas)"]
[WhiteFideId "12801917"]
[BlackFideId "12802557"]
[EventDate "2012.01.21"]
[EventType "team"]

1. e4 d6 2. d4 Nf6 3. Bd3 e5 4. Nf3 Nbd7 5. c3 Be7 6. O-O O-O 7. h3 c6 8. Bc2 b5
9. a4 Bb7 10. Qe2 a6 11. Rd1 Qc7 12. Bg5 Rfe8 13. Nbd2 h6 14. Bh4 Nf8 15. Nf1
Ng6 16. Bg3 Nh5 17. Ne3 Ngf4 18. Bxf4 Nxf4 19. Qf1 Bf8 20. g3 Ne6 21. b4 g6 22.
d5 Ng5 23. Nxg5 hxg5 24. c4 bxc4 25. Qxc4 Rec8 26. Bb3 Qd7 27. Qe2 Qxh3 28. dxc6
Bxc6 29. Ng4 Kg7 30. Bd5 Be7 31. Qf3 Bxd5 32. Rxd5 Rc4 33. Rb1 Rh8 34. Ne3 Qh2+
35. Kf1 Qh1+ 36. Qxh1 Rxh1+ 37. Ke2 Rxb1 38. Nxc4 Rxb4 39. Kd3 Rxa4 40. Nxd6
Bxd6 41. Rxd6 Rd4+ 42. Rxd4 exd4 43. Kxd4 g4 0-1

[Event "TCh-LTU 2012"]
[Site "Lithuania LTU"]
[Date "2012.02.11"]
[Round "3"]
[White "Tvarijonas,P"]
[Black "Berginas,S"]
[Result "1-0"]
[WhiteTitle "FM"]
[WhiteElo "2309"]
[BlackElo "1688"]
[WhiteTeam "Trys nuliai (Kaunas)"]
[BlackTeam "LASF"]
[WhiteFideId "12802581"]
[BlackFideId "12805009"]
[EventDate "2012.01.21"]
[EventType "team"]

1. e4 e6 2. d4 d5 3. exd5 exd5 4. c4 c5 5. Nc3 dxc4 6. d5 a6 7. a4 Bd6 8. Bxc4
Nf6 9. Qe2+ Qe7 10. Qxe7+ Kxe7 11. Bg5 h6 12. Bh4 g5 13. Bg3 Re8 14. O-O-O Bxg3
15. hxg3 h5 16. d6+ Kf8 17. Nd5 Nxd5 18. Bxd5 Bd7 19. Rxh5 Bxa4 20. Nf3 f6 21.
Rdh1 1-0

[Event "TCh-LTU 2012"]
[Site "Lithuania LTU"]
[Date "2012.02.11"]
[Round "3"]
[White "Arulis,A"]
[Black "Einikis,V"]
[Result "0-1"]
[WhiteElo "2137"]
[BlackElo "2212"]
[WhiteTeam "Siekis-Suduva (Marijampole)"]
[BlackTeam "AG (Kaunas)"]
[WhiteFideId "12805556"]
[BlackFideId "12801712"]
[EventDate "2012.01.21"]
[EventType "team"]

1. c4 Nf6 2. g3 c5 3. Bg2 g6 4. Nc3 Bg7 5. e4 Nc6 6. d3 d6 7. Nge2 O-O 8. O-O
Rb8 9. h3 a6 10. a4 Bd7 11. Be3 e5 12. Rb1 Ne8 13. Qd2 Nd4 14. b3 Bxh3 15. Nd5
Nxe2+ 16. Qxe2 Bxg2 17. Kxg2 Nc7 18. Nxc7 Qxc7 19. Rh1 b5 20. axb5 axb5 21. g4
bxc4 22. bxc4 Rxb1 23. Rxb1 f5 24. f3 Qe7 25. Rh1 fxg4 26. fxg4 Bf6 27. Qd2 Ra8
28. Rb1 Qd7 29. Kg3 Bd8 30. Rb5 h5 31. gxh5 gxh5 32. Kh2 Qg4 33. Qg2 Qxg2+ 34.
Kxg2 Kf7 35. Rb3 Kg6 36. Kh3 Bg5 37. Bxg5 Kxg5 38. Rb6 Rd8 39. Rb7 Kf4 40. Rg7
Ra8 41. Rg6 Ra6 42. Kh4 Ke3 43. Rg3+ Kd4 44. Kg5 Ra3 45. Kf5 Rxd3 0-1

[Event "TCh-LTU 2012"]
[Site "Lithuania LTU"]
[Date "2012.02.11"]
[Round "3"]
[White "Slapikas,V"]
[Black "Zilinskas,V"]
[Result "1-0"]
[WhiteTitle "IM"]
[WhiteElo "2353"]
[BlackElo "2138"]
[WhiteTeam "SK Juodasis rikis (Ukmerge)"]
[BlackTeam "Drakonas (Siauliai)"]
[WhiteFideId "12800449"]
[BlackFideId "12805483"]
[EventDate "2012.01.21"]
[EventType "team"]

1. e4 e5 2. Nf3 Nc6 3. Bc4 Be7 4. O-O d6 5. c3 Na5 6. Bd3 Be6 7. Bc2 Bg4 8. h3
Bh5 9. d4 f6 10. Ba4+ Kf8 11. Qe2 Bf7 12. Rd1 Bc4 13. Qe1 Qc8 14. Na3 Bf7 15.
dxe5 fxe5 16. Ng5 Bxg5 17. Bxg5 h6 18. Bc1 g5 19. h4 g4 20. Rd3 Ne7 21. f4 Ng6
22. Qg3 h5 23. fxe5 Nxe5 24. Rd1 a6 25. Bf4 Qe6 26. Bxe5 Qxe5 27. Qxe5 dxe5 28.
Rd7 Be8 29. Rf1+ Kg8 30. Rd5 b5 31. Rxe5 Rh7 32. b4 bxa4 33. Rxa5 Re7 34. Rf4
Rd8 35. Rxa6 Rd1+ 36. Kh2 g3+ 37. Kxg3 Rg7+ 38. Kf2 Rd2+ 39. Ke3 Rgxg2 40. Rf3
Rge2+ 41. Kf4 Rxa2 42. Ke5 Kh7 43. Nc4 Rf2 44. Rxf2 Rxf2 45. Ra7 Rf7 46. Ke6 Rg7
47. Ne5 c5 48. Ra8 Bg6 49. Rxa4 Bxe4 50. bxc5 Bc2 51. Ra3 Bd1 52. c6 Bg4+ 53.
Nxg4 hxg4 54. Kd6 g3 55. c7 g2 56. Ra1 Rg6+ 57. Kd5 1-0

[Event "TCh-LTU 2012"]
[Site "Lithuania LTU"]
[Date "2012.02.11"]
[Round "3"]
[White "Mecelis,A"]
[Black "Narmontas,R"]
[Result "1-0"]
[WhiteElo "1937"]
[BlackElo "2116"]
[WhiteTeam "SK Juodasis rikis (Ukmerge)"]
[BlackTeam "Drakonas (Siauliai)"]
[WhiteFideId "12805688"]
[BlackFideId "12801135"]
[EventDate "2012.01.21"]
[EventType "team"]

1. d4 Nf6 2. c4 e5 3. dxe5 Ng4 4. Nf3 Bc5 5. e3 Nc6 6. a3 a5 7. Nc3 Ngxe5 8.
Nxe5 Nxe5 9. Ne4 Ba7 10. Be2 O-O 11. O-O Re8 12. Ng3 d6 13. b4 Qh4 14. bxa5 Bg4
15. Rb1 Re6 16. Rxb7 Rh6 17. f3 Bc8 18. Rxa7 Rxa7 19. Qd4 Qxh2+ 20. Kf2 Rg6 21.
Qf4 Bh3 22. Rg1 Rf6 23. Nf5 Qxf4 24. Ne7+ Kf8 25. exf4 Nxc4 26. Nc6 Ra6 27. Nb4
Rxa5 28. gxh3 Nb6 29. Bb2 Rg6 30. Rd1 Na4 31. Ba1 Nc5 32. Nc2 Rh6 33. Rg1 f6 34.
Bc3 Ra4 35. Bb5 Ra8 36. Rh1 Rb8 37. a4 Rh5 38. Nd4 Ra8 39. a5 Nb3 40. Bc6 Raxa5
41. Nxb3 Ra3 42. Rb1 Rxh3 43. Ba5 Rh2+ 44. Ke3 h5 45. Kd3 Kf7 46. Bxc7 Kg6 47.
Bxd6 Ra6 48. f5+ 1-0

[Event "TCh-LTU 2012"]
[Site "Lithuania LTU"]
[Date "2012.02.11"]
[Round "3"]
[White "Savickiene,Virginija"]
[Black "Paulauskiene,V"]
[Result "0-1"]
[WhiteElo "1790"]
[BlackElo "2082"]
[WhiteTeam "SK Juodasis rikis (Ukmerge)"]
[BlackTeam "Drakonas (Siauliai)"]
[WhiteFideId "12806404"]
[BlackFideId "12800350"]
[EventDate "2012.01.21"]
[EventType "team"]

1. e4 e5 2. Bc4 Nf6 3. d3 Bc5 4. Nc3 d6 5. Na4 Bb6 6. Nxb6 axb6 7. f4 Nc6 8. Nf3
Bg4 9. c3 O-O 10. O-O exf4 11. Bxf4 Nh5 12. Be3 Ne5 13. Bb3 Kh8 14. Qd2 Nxf3+
15. gxf3 Bh3 16. Rfe1 f5 17. Bg5 Qd7 18. e5 dxe5 19. Rxe5 Rae8 20. Rae1 Rxe5 21.
Rxe5 Qc6 22. Be7 Qxf3 23. Bd5 Qf1# 0-1

[Event "TCh-LTU 2012"]
[Site "Lithuania LTU"]
[Date "2012.02.11"]
[Round "3"]
[White "Lapeginas,M"]
[Black "Beinoras,M"]
[Result "1/2-1/2"]
[BlackTitle "IM"]
[WhiteElo "2295"]
[BlackElo "2353"]
[WhiteTeam "Akmena (Kretinga)"]
[BlackTeam "Bokstas (Klaipeda)"]
[WhiteFideId "12801607"]
[BlackFideId "12802085"]
[EventDate "2012.01.21"]
[EventType "team"]

1. Nf3 d5 2. d4 Nf6 3. e3 c6 4. c4 Bf5 5. Nc3 e6 6. Bd3 Bxd3 7. Qxd3 Bb4 8. O-O
O-O 9. a3 Bxc3 10. bxc3 Nbd7 11. Rb1 Qc7 12. Nd2 e5 13. f3 Rfe8 14. cxd5 cxd5
15. c4 Rac8 16. cxd5 Nxd5 17. e4 N5f6 1/2-1/2

[Event "TCh-LTU 2012"]
[Site "Lithuania LTU"]
[Date "2012.02.11"]
[Round "3"]
[White "Beliajev,D"]
[Black "Jocys,D"]
[Result "1-0"]
[WhiteElo "2150"]
[BlackElo "2204"]
[WhiteTeam "Bokstas (Klaipeda)"]
[BlackTeam "Akmena (Kretinga)"]
[WhiteFideId "12802093"]
[BlackFideId "12801143"]
[EventDate "2012.01.21"]
[EventType "team"]

1. e4 c5 2. c3 d6 3. d4 Nf6 4. Bd3 Nc6 5. d5 Ne5 6. h3 e6 7. Ne2 exd5 8. exd5 g6
9. Bc2 Bg7 10. O-O O-O 11. a4 b6 12. Na3 Ba6 13. Nb5 Bb7 14. Bg5 a6 15. Na3 h6
16. Bh4 g5 17. f4 Nf3+ 18. Rxf3 gxh4 19. c4 Re8 20. Nc3 Nh5 21. Qd3 Ng3 22. Qh7+
Kf8 23. Ne4 Ne2+ 24. Kh1 Nd4 25. f5 f6 26. Rf4 Bc8 27. Rg4 Ra7 28. Rf1 Re5 29.
Rxg7 Rxg7 30. Qh8+ Rg8 31. Qxh6+ Kf7 32. Bd1 Rxf5 33. Bh5+ Rxh5 34. Qxh5+ Kg7
35. Rxf6 Qxf6 36. Nxf6 Kxf6 37. Qxh4+ Kf7 38. Nc2 Nf5 39. Qf4 Rg3 40. Ne1 Re3
41. Nf3 1-0

[Event "TCh-LTU 2012"]
[Site "Lithuania LTU"]
[Date "2012.02.11"]
[Round "3"]
[White "Zirnovas,M"]
[Black "Jonusevicius,A"]
[Result "1-0"]
[WhiteElo "1861"]
[BlackElo "2034"]
[WhiteTeam "Bokstas (Klaipeda)"]
[BlackTeam "Akmena (Kretinga)"]
[WhiteFideId "12803880"]
[BlackFideId "12802115"]
[EventDate "2012.01.21"]
[EventType "team"]

1. e4 c5 2. Nf3 d6 3. d4 cxd4 4. Nxd4 Nf6 5. Nc3 g6 6. Be3 Bg7 7. Bc4 Nc6 8. Bb3
Bd7 9. f3 O-O 10. Qd2 Na5 11. O-O a6 12. Rad1 Rc8 13. Qf2 Nc4 14. Bc1 b5 15.
Rfe1 e5 16. Nde2 Be6 17. g4 Bxg4 18. Bxc4 Rxc4 19. fxg4 Nxg4 20. Qg3 Qb6+ 21.
Kg2 Nf6 22. Qd3 Qb7 23. b3 Rc6 24. Nd5 Nh5 25. Rf1 Rfc8 26. c3 h6 27. Nb4 R6c7
28. Qd5 Qxd5 29. Nxd5 Rb7 30. Rd3 g5 31. Rfd1 a5 32. Kf3 Kh7 33. Kg4 Kg6 34. Rh1
Bf6 35. Bd2 Rc6 36. Rd1 Bd8 37. h3 Ng7 38. Ne3 h5+ 39. Kg3 Bb6 40. Nd5 f5 41.
Nxb6 fxe4 42. Rd5 Rbxb6 43. Be3 Nf5+ 44. Kf2 Rb7 45. Rg1 Nxe3 46. Kxe3 Kf5 47.
Rf1+ Ke6 48. Kxe4 a4 49. Rd3 Rc5 50. Rg3 d5+ 51. Kd3 Rg7 52. Rfg1 Kf6 53. Kd2
Rc8 54. Nc1 e4 55. Ne2 axb3 56. axb3 Ra8 57. Nd4 Rb8 58. Rf1+ Kg6 59. Rf5 Kh6
60. Rxd5 Rg6 1-0

[Event "TCh-LTU 2012"]
[Site "Lithuania LTU"]
[Date "2012.02.11"]
[Round "3"]
[White "Slusnys,E"]
[Black "Galuscak,Viktoras"]
[Result "0-1"]
[WhiteElo "1894"]
[BlackElo "1821"]
[WhiteTeam "Akmena (Kretinga)"]
[BlackTeam "Bokstas (Klaipeda)"]
[WhiteFideId "12802409"]
[BlackFideId "12804932"]
[EventDate "2012.01.21"]
[EventType "team"]

1. e4 e5 2. Nf3 Nc6 3. d4 exd4 4. Bc4 Nf6 5. O-O Be7 6. e5 Ne4 7. Bd5 Nc5 8. c3
dxc3 9. Nxc3 O-O 10. Be3 Nb4 11. Bc4 d5 12. Nxd5 Nxd5 13. Qxd5 Be6 14. Qxd8
Raxd8 15. Rac1 Bxc4 16. Rxc4 Ne6 17. Ne1 f6 18. f4 fxe5 19. f5 Nd4 20. Rxc7 Nxf5
21. Bxa7 Bg5 22. Nf3 Bf4 23. Rxb7 e4 24. Ne1 Nd4 25. Bxd4 Rxd4 26. g3 Be3+ 0-1

[Event "TCh-LTU 2012"]
[Site "Lithuania LTU"]
[Date "2012.02.11"]
[Round "3"]
[White "Mikenas,Laimutis"]
[Black "Kaunas,K"]
[Result "1/2-1/2"]
[BlackTitle "IM"]
[WhiteElo "1954"]
[BlackElo "2254"]
[WhiteTeam "SK Rokiskis"]
[BlackTeam "Milsa (Kaunas)"]
[WhiteFideId "12807931"]
[BlackFideId "12800139"]
[EventDate "2012.01.21"]
[EventType "team"]

1. c4 e6 2. d4 Nf6 3. Nf3 b6 4. g3 Bb7 5. Bg2 Be7 6. O-O O-O 7. Nc3 Ne4 8. Nxe4
Bxe4 9. b3 d6 10. Bb2 Nd7 11. Nd2 Bxg2 12. Kxg2 f5 13. Qc2 Qe8 14. e4 Qg6 15. f4
c5 16. d5 exd5 17. exd5 Bf6 18. Rae1 Bxb2 19. Qxb2 Rfe8 20. Nf3 h6 21. Rxe8+
Rxe8 22. Re1 Rxe1 23. Nxe1 Nf6 24. Qe2 Ne4 25. Nd3 Kf7 26. Nf2 Nc3 27. Qc2 Qf6
28. Nd1 Ne4 29. Nf2 Nc3 30. Nd1 Nxd1 31. Qxd1 Qb2+ 32. Kh3 Qxa2 33. Qh5+ Kf6 34.
Qh4+ Kg6 35. Qe7 Kh5 36. Qh4+ 1/2-1/2

[Event "TCh-LTU 2012"]
[Site "Lithuania LTU"]
[Date "2012.02.11"]
[Round "4"]
[White "Starostits,I"]
[Black "Mickevicius,J"]
[Result "1/2-1/2"]
[WhiteTitle "GM"]
[WhiteElo "2469"]
[BlackElo "2343"]
[WhiteTeam "Margiris (Kaunas)"]
[BlackTeam "VSSSM-Chess United (Vilnius)"]
[WhiteFideId "11600748"]
[BlackFideId "12801402"]
[EventDate "2012.01.21"]
[EventType "team"]

1. e4 c6 2. d4 d5 3. e5 Bf5 4. Nf3 e6 5. Be2 Nd7 6. O-O a6 7. Nbd2 h6 8. Nb3 Ne7
9. Bd2 Qc7 10. Rc1 Bh7 11. Ne1 c5 12. Nxc5 Nxc5 13. dxc5 Nc6 14. Nd3 Bxd3 15.
cxd3 Qxe5 16. Re1 Be7 17. Bh5 Qf5 18. Qf3 Qxf3 19. Bxf3 Nd4 20. Bd1 O-O 21. Ba4
Rfc8 22. Be3 Nf5 23. d4 Nxe3 24. fxe3 a5 25. Kf2 Rab8 26. Ke2 Rc7 27. Kd3 b6 28.
cxb6 Rcb7 29. Rc7 Bd6 30. Rxb7 Rxb7 31. Rc1 Rxb6 32. b3 Rb7 33. Rc8+ Kh7 34. h3
Rc7 35. Rxc7 Bxc7 36. Bc6 Kg6 37. e4 dxe4+ 38. Bxe4+ Kf6 39. Kc4 Ke7 40. Kb5 Kd6
41. a3 Bd8 42. a4 Kd7 43. Bc6+ Kd6 44. Bf3 f5 45. Be2 e5 46. dxe5+ Kxe5 47. b4
axb4 48. a5 Bxa5 49. Kxa5 Kf4 50. Kxb4 Kg3 51. Bf3 g5 1/2-1/2

[Event "TCh-LTU 2012"]
[Site "Lithuania LTU"]
[Date "2012.02.11"]
[Round "4"]
[White "Vedrickas,T"]
[Black "Stremavicius,T"]
[Result "1-0"]
[WhiteTitle "FM"]
[WhiteElo "2318"]
[BlackElo "2184"]
[WhiteTeam "VSSSM-Chess United (Vilnius)"]
[BlackTeam "Margiris (Kaunas)"]
[WhiteFideId "12802654"]
[BlackFideId "12804444"]
[EventDate "2012.01.21"]
[EventType "team"]

1. d4 f5 2. Nf3 Nf6 3. Nc3 c6 4. Bg5 d5 5. Ne5 Be6 6. f3 Nbd7 7. Nd3 Bf7 8. g3
e6 9. e4 h6 10. Bxf6 Qxf6 11. e5 Qd8 12. Na4 b6 13. c3 c5 14. b3 c4 15. Nf4 b5
16. bxc4 dxc4 17. d5 Nxe5 18. dxe6 Qxd1+ 19. Rxd1 bxa4 20. Rd5 Nd3+ 21. Bxd3
cxd3 22. exf7+ Kxf7 23. Rxf5+ Kg8 24. Ng6 Rh7 25. Kd2 Bd6 26. Re1 h5 27. Re6 Ba3
28. h4 Rh6 29. g4 Kh7 30. gxh5 Rd8 31. Ra6 Bb2 32. Rc6 Ba1 33. Rc7 Bb2 34. Rg5
a6 35. f4 Ba3 36. f5 Bd6 37. Rb7 Kg8 38. f6 Bf8 39. f7+ Kh7 40. Rd7 Rc8 41. Kxd3
a3 42. c4 Bb4 43. c5 a5 44. f8=Q 1-0

[Event "TCh-LTU 2012"]
[Site "Lithuania LTU"]
[Date "2012.02.11"]
[Round "4"]
[White "Zagorskis,D"]
[Black "Slapikas,V"]
[Result "1/2-1/2"]
[WhiteTitle "IM"]
[BlackTitle "IM"]
[WhiteElo "2512"]
[BlackElo "2353"]
[WhiteTeam "Trys nuliai (Kaunas)"]
[BlackTeam "SK Juodasis rikis (Ukmerge)"]
[WhiteFideId "12800120"]
[BlackFideId "12800449"]
[EventDate "2012.01.21"]
[EventType "team"]

1. d4 Nf6 2. Nf3 d6 3. g3 Bg4 4. Bg2 c6 5. h3 Bxf3 6. Bxf3 d5 7. Nd2 Nbd7 8. e4
dxe4 9. Nxe4 Nxe4 10. Bxe4 Nf6 11. Bg2 e6 12. O-O Be7 13. c4 O-O 14. Be3 Qa5 15.
a3 Rfd8 16. b4 Qc7 17. Qb3 a6 18. Rfc1 Rd7 19. d5 e5 20. dxc6 bxc6 21. Rd1 e4
22. Qc2 a5 23. bxa5 Rxa5 24. a4 h6 25. Bxe4 Rxd1+ 26. Rxd1 Nxe4 27. Qxe4 Rxa4
28. Bf4 Qb7 29. Re1 Bf6 30. Qc2 Ra1 31. Rxa1 1/2-1/2

[Event "TCh-LTU 2012"]
[Site "Lithuania LTU"]
[Date "2012.02.11"]
[Round "4"]
[White "Jegorovas,A"]
[Black "Mecelis,A"]
[Result "1-0"]
[WhiteTitle "FM"]
[WhiteElo "2298"]
[BlackElo "1937"]
[WhiteTeam "Trys nuliai (Kaunas)"]
[BlackTeam "SK Juodasis rikis (Ukmerge)"]
[WhiteFideId "12801950"]
[BlackFideId "12805688"]
[EventDate "2012.01.21"]
[EventType "team"]

1. d4 c5 2. d5 e5 3. e4 d6 4. Bb5+ Bd7 5. a4 g6 6. Nf3 Bg7 7. O-O Nf6 8. Nc3 a6
9. Be2 O-O 10. Nd2 h5 11. Nc4 Qe7 12. Bg5 Bc8 13. Qd2 Kh7 14. f4 Nbd7 15. Rf2 b6
16. Raf1 Bb7 17. fxe5 dxe5 18. a5 b5 19. Nb6 Qd6 20. Nxa8 Bxa8 21. Qe3 Kg8 22.
Nb1 Nh7 23. Bh6 Qc7 24. Bxg7 Kxg7 25. Bxh5 gxh5 26. Qg3+ Kh8 27. Rxf7 Rg8 28.
Qh3 Rg7 29. Qxh5 Nf6 30. R1xf6 1-0

[Event "TCh-LTU 2012"]
[Site "Lithuania LTU"]
[Date "2012.02.11"]
[Round "4"]
[White "Tvarijonas,P"]
[Black "Savickiene,Virginija"]
[Result "1-0"]
[WhiteTitle "FM"]
[WhiteElo "2309"]
[BlackElo "1790"]
[WhiteTeam "Trys nuliai (Kaunas)"]
[BlackTeam "SK Juodasis rikis (Ukmerge)"]
[WhiteFideId "12802581"]
[BlackFideId "12806404"]
[EventDate "2012.01.21"]
[EventType "team"]

1. e4 d6 2. d4 Nf6 3. Nc3 g6 4. f4 Bg7 5. Nf3 O-O 6. e5 dxe5 7. fxe5 Nd5 8. Bc4
Nb6 9. Bb3 Bg4 10. O-O Nc6 11. Be3 Na5 12. h3 Nxb3 13. axb3 Bc8 14. Qd2 f6 15.
Bh6 Be6 16. exf6 exf6 17. Rae1 Qd7 18. Ne4 Bd5 19. Nc5 Qc6 20. c4 Bxf3 21. Re6 1-0

[Event "TCh-LTU 2012"]
[Site "Lithuania LTU"]
[Date "2012.02.11"]
[Round "4"]
[White "Narmontas,M"]
[Black "Beinoras,M"]
[Result "1-0"]
[WhiteTitle "FM"]
[BlackTitle "IM"]
[WhiteElo "2398"]
[BlackElo "2353"]
[WhiteTeam "VSK Bokstas (Plunge)"]
[BlackTeam "Bokstas (Klaipeda)"]
[WhiteFideId "12802204"]
[BlackFideId "12802085"]
[EventDate "2012.01.21"]
[EventType "team"]

1. e4 e5 2. Nf3 Nc6 3. Bc4 Nf6 4. d3 Be7 5. O-O O-O 6. c3 d6 7. Nbd2 h6 8. Re1
Re8 9. Qb3 Rf8 10. Qc2 Na5 11. d4 Nxc4 12. Nxc4 exd4 13. Nxd4 Re8 14. Bf4 Nh5
15. Be3 d5 16. Nd2 Bf8 17. exd5 Qxd5 18. c4 Qd8 19. Rad1 c6 20. Ne4 Qh4 21. f3
f5 22. Bf2 Qf4 23. Ng3 Rxe1+ 24. Rxe1 Nxg3 25. hxg3 Qg5 26. Re8 Kf7 27. Qe2 Qf6
28. f4 b6 29. Nf3 Bb7 30. Rxa8 Bxa8 31. c5 bxc5 32. Qc4+ Kg6 33. Qg8 Qd6 34.
Ne5+ Kh5 35. Qf7+ g6 36. Kh2 1-0